<?xml version="1.0" encoding="UTF-8"?>
<record
    xmlns:xsi="http://www.w3.org/2001/XMLSchema-instance"
    xsi:schemaLocation="http://www.loc.gov/MARC21/slim http://www.loc.gov/standards/marcxml/schema/MARC21slim.xsd"
    xmlns="http://www.loc.gov/MARC21/slim">

  <leader>01253nam a22001937a 4500</leader>
  <datafield tag="999" ind1=" " ind2=" ">
    <subfield code="c">23420</subfield>
    <subfield code="d">23420</subfield>
  </datafield>
  <controlfield tag="003">AR-CdUCM</controlfield>
  <controlfield tag="008">251218b2024    pe ||||| |||| 00| 0 spa d</controlfield>
  <datafield tag="040" ind1=" " ind2=" ">
    <subfield code="a">MUNICIPALIDAD PROVINCIAL DEL CUSCO</subfield>
    <subfield code="c">BIBLIOTECA MUNICIPAL DEL CUSCO</subfield>
  </datafield>
  <datafield tag="082" ind1=" " ind2=" ">
    <subfield code="a">985.061 /</subfield>
    <subfield code="b">M95</subfield>
  </datafield>
  <datafield tag="100" ind1=" " ind2=" ">
    <subfield code="a">Municipalidad Provincial del Cusco.</subfield>
  </datafield>
  <datafield tag="245" ind1=" " ind2=" ">
    <subfield code="a">T&#xFA;pac Amaru m&#xE1;s all&#xE1; de la sentencia /</subfield>
    <subfield code="b">Documentos sobre la Gran Rebeli&#xF3;n  1780 - 1783 .</subfield>
  </datafield>
  <datafield tag="260" ind1=" " ind2=" ">
    <subfield code="a">Cusco </subfield>
    <subfield code="b">Municipalidad Provincial del Cusco</subfield>
    <subfield code="c">2024</subfield>
  </datafield>
  <datafield tag="300" ind1=" " ind2=" ">
    <subfield code="a">138 p&#xE1;ginas. :</subfield>
    <subfield code="c">23 x 28 cm.</subfield>
  </datafield>
  <datafield tag="500" ind1=" " ind2=" ">
    <subfield code="z">p&#xE1;gina 138.</subfield>
  </datafield>
  <datafield tag="505" ind1=" " ind2=" ">
    <subfield code="a">Cap&#xED;tulo I: La Gran Rebeli&#xF3;n y su contexto hist&#xF3;rico -- Linea de tiempo -- El siglo de las luces y el inicio de la edad -- Capitulo II: La Gran Rebeli&#xF3;n -- Cap&#xED;tulo III: La historia se repite -- La ejecuci&#xF3;n del Inca en la Plaza de Armas -- Cap&#xED;tulo IV: La Gran Rebeli&#xF3;n en la memoria hist&#xF3;rica temprana 1816 - 1838 -- Cap&#xED;tulo V: Breve an&#xE1;lisis jur&#xED;dico de la sentencia a T&#xFA;pac Amaru --.Sobre la sentencia de pena de muerte y los derechos fundamentales --  Ajusticiamiento -- Oscar Luque Cutipa -- Micaela Bastidas en la b&#xFA;squeda de la salida a la opresi&#xF3;n -- Comentario a la sentencia....</subfield>
  </datafield>
  <datafield tag="942" ind1=" " ind2=" ">
    <subfield code="2">ddc</subfield>
    <subfield code="c">LIBROS</subfield>
  </datafield>
  <datafield tag="945" ind1=" " ind2=" ">
    <subfield code="a">jmcs</subfield>
    <subfield code="d">18/12/2025</subfield>
  </datafield>
  <datafield tag="952" ind1=" " ind2=" ">
    <subfield code="0">0</subfield>
    <subfield code="2">ddc</subfield>
    <subfield code="4">0</subfield>
    <subfield code="7">0</subfield>
    <subfield code="a">SH</subfield>
    <subfield code="b">SH</subfield>
    <subfield code="c">CART</subfield>
    <subfield code="d">2025-12-18</subfield>
    <subfield code="e">Donaci&#xF3;n</subfield>
    <subfield code="g">35.00</subfield>
    <subfield code="o">985.061 / M95</subfield>
    <subfield code="p">SH0000017031</subfield>
    <subfield code="r">2025-12-18</subfield>
    <subfield code="y">LIBROS</subfield>
  </datafield>
</record>
